Благодарность Президиума ЦИК СССР рабочим, техническому и инженерному персоналу строительства моста через Днепр

Доступно только в Электронных читальных залах Найти на картеНа карте
RUSMARC
00004409nac2a22002893x 450
001e9b8fdc5-3cf9-4e81-a7ef-48f79e8f5d85
00520230718232533.0
100##$a20230613l1929 k y0rusy50 ca
1010#$arus
102##$aRU
105##$ay z |||||
1220#$ad19291130
2001#$aБлагодарность Президиума ЦИК СССР рабочим, техническому и инженерному персоналу строительства моста через Днепр
$jНоябрь 1929
215##$a6 листов
$d36,7 х 23,2
251##$cДело
300##$aЗаголовок дела на папке: Благодарность Президиума ЦИК Союза ССР рабочим, техническому и инженерному персоналу строительства моста через Днепр
300##$aВ деле обратная нумерация
300##$aВ деле имеются телеграммы
300##$aЧасть текста машинописная с рукописными пометками, часть - напечатана типографским способом
461#0$1001796d4672-8a00-4986-b488-6e42273792cc
$12001
$aЦЕНТРАЛЬНЫЙ ИСПОЛНИТЕЛЬНЫЙ КОМИТЕТ СССР (ЦИК СССР).
$1251
$cФонд
$1852
$gР
$j3316
462#0$10016e6e8ba4-e15f-4ad4-8937-f1e88c150bfe
$12001
$aДела Секретариата Президиума ЦИК Союза ССР. 1929 г.
$vД. 586
$1251
$cОпись
$1852
$j22
5171#$aБлагодарность Президиума ЦИК Союза ССР рабочим, техническому и инженерному персоналу строительства моста через Днепр
60101$3RU\NLR\AUTH\880357276
$aСССР
$bЦИК
60101$3RU\NLR\AUTH\880398220
$aСССР
$bЦентральный исполнительный комитет
$bПрезидиум
801#0$aRU
$bGA_RF
801#1$aRU
$bГлавНИВЦ
$c20230613
$2rusmarc
801#2$aRU
$bПБ им. Б.Н. Ельцина
$c20230718
$gRCR
$2rusmarc
852##$aГА РФ
$j586
937##$d186623608
$hГАРФ
035##$aRuPRLIB51072537
856##$uhttp://readingroom.main.prlib.ru/item.aspx?id_node=n186623608&mode=full
Формат отображения